000 01103nam a2200301 a 4500
001 000109605
003 CHAP
005 20220329144056.0
008 140513s2014 mx | |sm |||||||spa|d
010 _a106067
011 _a107039
040 _cCHAP
090 _aTesis
100 1 _aMendoza Martínez, Isaí
_9126807
245 1 0 _aEvaluación de impacto ambiental para el proyecto de construcción de la nueva unidad médica en la Universidad Autónoma Chapingo
_h[En línea]
_cpor Isaí Mendoza Martínez.
260 _aChapingo, Méx. :
_bEl autor,
_c2014.
500 _aPara ver el contenido del material haga clic en la liga
502 _aTesis (Ing. en Recurso Naturales Renovables) -- UACH. Departamento de Suelos
590 _aBATCH-UPD
_b05
_c20141002
_lUCH01
_h0903
590 _aE792CSJ
_b05
_c20140513
_lUCH01
_h1442
590 _aE792CSJ
_b05
_c20140513
_lUCH01
_h1442
650 1 4 _aImpacto ambiental.
_957465
650 1 4 _aProyectos
_xDiseño.
_992524
856 _aFinding aid
_uhttp://10.13.5.2/tesis/sist109605.pdf
_zTeclea aquí
901 _aBK
942 _cTESIS
942 _n0
999 _c106067
_d106067